00602nam a2200145 i 450000100060000000300090000600500170001500700030003200800410003510000360007624502090011226000760032130000350039785200240043246092ES-MaACL20230906161328.0t|030327s1891 sp ||||1| spa d1 aConcha Castañeda, Juan de la.10aMemoria elevada al Excmo. Sr. Ministro de Gracia y Justicia en la solemne apertura de los Tribunales el día 15 de septiembre de 1891 / cpor el fiscal del Tribunal Supremo Juan de la Concha Castañeda. aMadrid : b[s.n.], c1891 (fImpr. del Ministerio de Gracia y Justicia) a59 p., [1] h. pleg. ; c27 cm. aES-MaACLjT-504-F-9